000 00432nam a2200193Ia 4500
005 20250423101002.0
008 250422s9999 xx 000 0 und d
020 _a0-07-222896-2
050 _aQA 76.9.C55 .S83/
100 _aSunderic, Dejan
245 0 _aSQL Server 2000
250 _a2nd ed.
260 _aNew York
260 _bMcGraw-Hill
260 _c2003
300 _a679 p
650 _aServer 2000
942 _cBK
999 _c34939
_d34939